Flesh and Bone and Water (Record no. 2009)

MARC details
005 - DATE AND TIME OF LATEST TRANSACTION
control field 20250506113927.0
020 ## - INTERNATIONAL STANDARD BOOK NUMBER
International Standard Book Number 978-0-241-27584-9
082 ## - DEWEY DECIMAL CLASSIFICATION NUMBER
Classification number 823.92 SAU
100 ## - MAIN ENTRY--PERSONAL NAME
Author name SAUMA, L.
245 ## - TITLE STATEMENT
Title Flesh and Bone and Water
260 ## - PUBLICATION, DISTRIBUTION, ETC.
Place of publication, distribution, etc. Australia,
Name of publisher, distributor, etc. Viking,
Date of publication, distribution, etc. 2017.
300 ## - PHYSICAL DESCRIPTION
Extent 235p.,
Dimensions 22cm.
942 ## - ADDED ENTRY ELEMENTS (KOHA)
Source of classification or shelving scheme Dewey Decimal Classification
Koha item type Books
Holdings
Date last seen Total checkouts Full call number Barcode Cost, replacement price Price effective from Koha item type Lost status Source of classification or shelving scheme Damaged status Not for loan Withdrawn status Home library Current library Shelving location Date acquired Cost, normal purchase price
05/06/2025   823.92 SAU 0000006128 115000.00 04/09/2018 Books   Dewey Decimal Classification       College of Business Education Main Library College of Business Education Main Library General Collection 05/06/2025 35000.00